Tutte le ex bandiere del mondo - Statistics

Statistiche generali
  • Questo quiz è stato fatto 83 volte
  • Il punteggio medio è 61 su 196
Statistiche sulle risposte
con Immagini Risposta % Corretto
Regno Unito
100%
Stati Uniti
100%
Australia
96%
Italia
93%
Bulgaria
92%
Francia
90%
Ungheria
90%
Paesi Bassi
87%
Russia
87%
Corea del Sud
85%
Costa d'Avorio
85%
Bangladesh
82%
Nuova Zelanda
80%
Giappone
76%
Irlanda
76%
Norvegia
76%
Kosovo
69%
Albania
66%
Cipro
66%
Svizzera
66%
Israele
65%
Svezia
65%
Città del Vaticano
63%
Nepal
63%
Bhutan
62%
Libano
62%
Belgio
61%
Turchia
61%
Niger
59%
Tunisia
59%
Repubblica Dominicana
56%
Spagna
56%
Austria
55%
Messico
55%
Polonia
55%
Arabia Saudita
54%
India
54%
Perù
54%
Maldive
51%
Oman
51%
Uruguay
51%
Turkmenistan
49%
Venezuela
49%
Camerun
48%
Croazia
48%
Cuba
48%
Panama
48%
Papua Nuova Guinea
48%
Paraguay
48%
Cile
46%
Filippine
46%
Liechtenstein
46%
Serbia
46%
Swaziland
46%
Costa Rica
45%
Honduras
45%
Liberia
45%
Mauritania
45%
Taiwan
45%
Belize
44%
Giordania
44%
Somalia
44%
Sud Sudan
44%
Corea del Nord
42%
Eritrea
42%
Gibuti
42%
Monaco
42%
Mozambico
42%
Namibia
42%
Angola
41%
Danimarca
41%
Islanda
41%
Canada
39%
Grecia
39%
Ruanda
39%
Sri Lanka
39%
Bahrain
38%
Brunei
38%
Burundi
38%
Guinea Equatoriale
38%
Kiribati
38%
Sao Tome e Principe
38%
Siria
38%
Afghanistan
37%
Andorra
35%
Gabon
35%
Malawi
35%
Nicaragua
35%
Ciad
34%
El Salvador
34%
Iran
34%
Libia
34%
Romania
34%
Iraq
32%
Stati Federati di Micronesia
32%
Vietnam
32%
Zambia
32%
Guatemala
31%
Mongolia
31%
Haiti
30%
Qatar
30%
Santa Lucia
30%
Mali
28%
Repubblica Centrafricana
28%
Guinea
25%
Brasile
24%
Argentina
23%
Ecuador
23%
Finlandia
23%
Germania
23%
Guinea-Bissau
23%
Portogallo
21%
Montenegro
20%
Cina
18%
Georgia
18%
Macedonia del Nord
18%
San Marino
18%
Comoros
17%
Laos
17%
Slovenia
17%
Sudafrica
17%
Uganda
17%
Colombia
15%
Bosnia ed Erzegovina
14%
Lussemburgo
14%
Moldavia
14%
Barbados
13%
Estonia
13%
Thailandia
13%
Bielorussia
11%
Cambogia
11%
Etiopia
11%
Saint Vincent e Grenadine
11%
Malta
10%
Repubblica Democratica del Congo
10%
Uzbekistan
10%
Azerbaijan
8%
Indonesia
8%
Lettonia
8%
Slovacchia
8%
Timor Est
8%
Ucraina
8%
Bahamas
7%
Ghana
7%
Lesotho
7%
Lituania
7%
Nigeria
7%
Tanzania
7%
Tuvalu
7%
Zimbabwe
7%
Birmania
6%
Egitto
6%
Kazakistan
6%
Pakistan
6%
Palau
6%
Tagikistan
6%
Armenia
4%
Botswana
4%
Burkina Faso
4%
Dominica
4%
Emirati Arabi Uniti
4%
Figi
4%
Gambia
4%
Madagascar
4%
Seychelles
4%
Yemen
4%
Algeria
3%
Capo Verde
3%
Malesia
3%
Marocco
3%
Repubblica Ceca
3%
Sudan
3%
Suriname
3%
Tonga
3%
Vanuatu
3%
Antigua e Barbuda
1%
Benin
1%
Bolivia
1%
Giamaica
1%
Grenada
1%
Guyana
1%
Isole Marshall
1%
Isole Salomone
1%
Kenya
1%
Kirghizistan
1%
Kuwait
1%
Mauritius
1%
Nauru
1%
Repubblica del Congo
1%
Saint Kitts e Nevis
1%
Samoa
1%
Senegal
1%
Sierra Leone
1%
Singapore
1%
Togo
1%
Trinidad e Tobago
0%
Nessun quiz corrispondente trovato
Distribuzione punteggi
Percentuale di utenti per punteggio
Percentile per numero di risposta
I tuoi punteggi nel tempo
Non hai fatto questo quiz